000 00480cam a22001337a 4500
008 180718b1984 xxu||||| |||| 00| 0 eng d
082 _aB136x5461 In2
100 _aSudan, M.L.
245 _aIntegrated rural development programme in Delhi-union territory: an evaluation
_cby M.L. Sudan and M. Lakshiwaramma
260 _aNew Delhi
_bIndian Institute of Public Administration
_c1984
300 _a158p.
650 _aRural development - Delhi - India.
700 _aLakshiwaramma, M.
999 _c475775
_d475775